Study of the working of central administrative tribunal (with special reference to the principal bench at Delhi) (Record no. 481494)

000 -LEADER
fixed length control field 00558cam a22001457a 4500
008 - FIXED-LENGTH DATA ELEMENTS--GENERAL INFORMATION
fixed length control field 180718b1996 xxu||||| |||| 00| 0 eng d
082 ## - DEWEY DECIMAL CLASSIFICATION NUMBER
Classification number APPPA 95-96 SHA/V
100 ## - MAIN ENTRY--PERSONAL NAME
Personal name Sharma, Vijai Lakshmi
245 ## - TITLE STATEMENT
Title Study of the working of central administrative tribunal (with special reference to the principal bench at Delhi)
Statement of responsibility, etc. by Vijai Lakshmi Sharma
260 ## - PUBLICATION, DISTRIBUTION, ETC.
Place of publication, distribution, etc. New Delhi
Name of publisher, distributor, etc. Indian Institute of Public Administration
Date of publication, distribution, etc. 1996
300 ## - PHYSICAL DESCRIPTION
Extent 76p.
650 ## - SUBJECT ADDED ENTRY--TOPICAL TERM
Topical term or geographic name entry element APPPA
650 ## - SUBJECT ADDED ENTRY--TOPICAL TERM
Topical term or geographic name entry element Administrative law - Delhi - India
650 ## - SUBJECT ADDED ENTRY--TOPICAL TERM
Topical term or geographic name entry element Administrative courts - Delhi - India
Holdings
Withdrawn status Lost status Damaged status Not for loan Permanent Location Current Location Date acquired Full call number Barcode Date last seen Price effective from Koha item type
        Indian Institute of Public Administration Indian Institute of Public Administration 2018-08-04 APPPA 95-96 SHA/V GR14203 2018-08-04 2018-08-04 GR

Powered by Koha